01186ngm a2200337 i 450000500170000000700030001700800570002002000150007704000350009204100080012708200180013511000370015324500720019025000220026226400350028430000540031933600570037333700230043033800310045349000220048449000160050649000220052250500430054452000850058752100370067265000570070965000280076665000260079494200130082099900150083320220317000150.0ta000030c2005 ck m g spa d spa a9588107490 aCO-BoRNBPbspacCO-BoRNBPerda0 aspa04a550bD37t2232 aDiscovery Communications917457210aTodo sobre la tierracDiscovery Communicationshvideodisco digital  aPrimera edición 1aBogotábMS Tv & Videosc2005 a1 DVD (30 minutos)bsonido, color, digitalc19 cm aimagen en movimiento bidimensional btdi2rdacontent avideobv2rdamedia avideodiscobvd2rdacarrier0 aDiscovery Channel0 aEducación0 aEstudios sociales1 aVolcanes -- Magnetismo -- Computadores3 aAprenda el impacto de los volcanes, computadores y magnetismo sobre la humanidad aRecomendado desde los 15 años17aDesarrollo científico y tecnológicovDVD2ARMARC17aMagnetismovDVD2ARMARC17aVolcanesvDVD2ARMARC 2ddccDVD c3279d3279